000 00625nam a2200205Ii 4500
003 JO-AjNU
008 230606s9999||||xx |||||||||||||| ||und||
040 _aJO-AjNU
_beng
_erda
_cJO-AjNU
041 _aeng
050 1 4 _aBP173.25 1999
100 3 _aAl-Qasim, Abdul Malik , Translated by: Jalal Abualrub,
_eauthor
_93625
245 0 0 _aHindrances on the Path= عثرات الطريق
250 _aFirst Edition
264 3 1 _aRiyadh: Darussalam, 1999
300 _a56P
336 _atext
_btxt
_2rdacontent
337 _aunmediated
_bn
_2rdamedia
338 _avolume
_bnc
_2rdacarrier
650 4 _aIslam and Society
_93626
999 _aE1891
_c1891
_d1891